00569cam a22002171 4500001001300000003000400013005001700017008004100034010001700075035002000092040001800112042001200130050002100142100003200163245002000195260001100215300005500226500001900281650003400300999001700334sa 68009459 DLC20260227112542.0890620s1966 ii a 000 0 rajo  asa 68009459  a(OCoLC)19902400 aDLCcWaUdDLC apremarc00aPK2708.9.S47bR31 aSharma, Vishwa Nath,d1927-10aRāmmakathā. c[1966] a1 v. (various pagings)billus. (part col.)c23 cm. aIn Rajasthani. 0aRāma (Hindu deity)vPoetry. c82913d82913